000 004340000a22001690004500
003 MACL
005 20160101130939.0
008 160101b xxu||||| |||| 00| 0 eng d
040 _aMACL
_cMACL
041 _aEnglish
082 _a338
100 _aMaterials, Raw
_926307
245 _aThe Wealth of India
260 _bCouncil of Scientific & Industrial
_c1952
_aNew Delhi
650 _aProduction
_926308
942 _cBK
_k338/Mat
_2ddc
999 _c34772
_d34772